| 000 | 00774nam a2200265Ia 4500 | ||
|---|---|---|---|
| 008 | 160803s9999 xx 000 0 und d | ||
| 020 | _a043909867X | ||
| 100 | _aJackson, Garnet | ||
| 245 | _aGeorge Washington : | ||
| 245 | _bour first president / | ||
| 245 | _cby Garnet Jackson ; illustrated by Cornelius van Wright and Ying-Hwa Hu. | ||
| 260 | _aNew York : | ||
| 260 | _bScholastic Inc. | ||
| 260 | _c2000 | ||
| 300 | _a1 volume (unpaged) : | ||
| 300 | _bcolor illustrations ; | ||
| 300 | _c23 cm. | ||
| 440 | _aHello reader! ; | ||
| 440 | _vLevel 2. | ||
| 500 | _a"Cartwheel books." | ||
| 650 | _aPresidents -- United States -- Biography -- | ||
| 650 | _aWashington, George, -- 1732-1799. | ||
| 650 | _xJuvenile literature. | ||
| 700 | _a350 | ||
| 999 |
_c299204 _d299204 |
||